[Event "URU-ch U20"]
[Site "Montevideo"]
[Date "2024.05.18"]
[Round "3"]
[White "Vassallo, Mariano"]
[Black "Lanzilotta, Filippo"]
[Result "1-0"]
[WhiteElo "1848"]
[BlackElo "1792"]
[PlyCount "115"]
[EventDate "2024.05.17"]
[EventType "swiss"]
[EventRounds "6"]
[EventCountry "URU"]
[SourceTitle "CB21_2024"]
[SourceDate "2024.05.22"]
[SourceVersion "1"]
[SourceVersionDate "2024.05.22"]
[SourceQuality "1"]

1. e4 e5 2. Nf3 Nf6 3. Nxe5 d6 4. Nf3 Nxe4 5. Nc3 Nxc3 6. dxc3 Nc6 7. Be2 Be7 8. 0-0 0-0 9. Nd4 Bf6 10. Be3 Re8 11. Nxc6 bxc6 12. Bf3 d5 13. Bd4 Bf5 14. Bg4 Bxg4 15. Qxg4 Re4 16. Bxf6 Qxf6 17. Qg3 Qe7 18. f3 Re6 19. Rae1 Qd6 20. Qxd6 cxd6 21. Kf2 Rae8 22. Rxe6 fxe6 23. Rd1 Kf7 24. Rd4 Rb8 25. b3 Rb5 26. Ra4 a5 27. c4 Rc5 28. Ke3 e5 29. cxd5 cxd5 30. Kd3 d4 31. f4 Ke6 32. fxe5 dxe5 33. Rc4 Kd5 34. Rxc5+ Kxc5 35. Ke4 Kd6 36. a3 h5 37. b4 axb4 38. axb4 h4 39. h3 g6 40. b5 Kc5 41. Kxe5 Kxb5 42. Kxd4 Kc6 43. Ke4 Kc5 44. Kf4 Kc4 45. Kg4 Kc3 46. Kxh4 Kxc2 47. Kg5 Kd3 48. Kxg6 Ke4 49. h4 Kf4 50. h5 Kg3 51. h6 Kxg2 52. h7 Kg1 53. h8Q Kf1 54. Qh2 Ke1 55. Kf5 Kd1 56. Ke4 Kc1 57. Kd3 Kb1 58. Kc3 1-0

[Event "Montevideo Duchamp Cup 7th"]
[Site "Montevideo"]
[Date "2024.02.07"]
[Round "7"]
[White "Espel, Luis"]
[Black "Lanzilotta, Filippo"]
[Result "1/2-1/2"]
[WhiteElo "1783"]
[BlackElo "1612"]
[PlyCount "92"]
[EventDate "2024.02.01"]
[EventType "swiss"]
[EventRounds "9"]
[EventCountry "URU"]
[SourceTitle "CB07_2024"]
[SourceDate "2024.02.14"]
[SourceVersion "1"]
[SourceVersionDate "2024.02.14"]
[SourceQuality "1"]

1. c4 e5 2. Nc3 Nf6 3. Nf3 Nc6 4. g3 Nd4 5. Bg2 Nxf3+ 6. Bxf3 c6 7. d4 d6 8. dxe5 dxe5 9. Qxd8+ Kxd8 10. Bg5 Be6 11. 0-0-0+ Kc7 12. b3 Ba3+ 13. Kc2 Rad8 14. Ne4 Be7 15. Nxf6 Bxf6 16. Bxf6 gxf6 17. a3 Rxd1 18. Rxd1 Rd8 19. Rxd8 Kxd8 20. c5 f5 21. e3 Bd5 22. Be2 b5 23. cxb6 axb6 24. Kc3 Ke7 25. a4 c5 26. Bd3 e4 27. Bc2 Kd6 28. b4 Kc6 29. Bd1 b5 30. bxc5 bxa4 31. Bxa4+ Kxc5 32. Bd1 Bc4 33. Bh5 Be6 34. Be2 Bd5 35. Bf1 f6 36. Ba6 Be6 37. Bf1 Bd5 38. Be2 Bf7 39. Bd1 h6 40. Bb3 Bxb3 41. Kxb3 Kb5 42. Kc3 Kc5 43. h3 h5 44. h4 Kb5 45. Kd4 Kc6 46. Kc4 Kd6 1/2-1/2

[Event "URU-chT3"]
[Site "Montevideo"]
[Date "2023.07.23"]
[Round "5.1"]
[White "Lanzilotta, Filippo"]
[Black "Espel, Luis"]
[Result "1-0"]
[WhiteElo "1614"]
[BlackElo "1842"]
[PlyCount "89"]
[EventDate "2023.07.21"]
[EventType "swiss"]
[EventRounds "5"]
[EventCountry "URU"]
[SourceTitle "EXT 2024"]
[Source "ChessBase"]
[SourceDate "2023.10.10"]
[SourceVersion "1"]
[SourceVersionDate "2023.10.10"]
[SourceQuality "1"]
[WhiteTeam "La Proa Outsiders"]
[BlackTeam "Mijail Tal II"]
[WhiteTeamCountry "URU"]
[BlackTeamCountry "URU"]

1. e4 e6 2. d4 d5 3. exd5 exd5 4. Nc3 Bb4 5. Bd3 Nf6 6. Nge2 Bg4 7. f3 Bh5 8. a3 Ba5 9. Bg5 c6 10. Qd2 Nbd7 11. 0-0-0 b5 12. Nf4 Bg6 13. Rde1+ Kf8 14. Nxg6+ hxg6 15. b4 Bc7 16. h4 Qb8 17. Ne2 a5 18. Bf4 Bxf4 19. Qxf4 Qxf4+ 20. Nxf4 axb4 21. axb4 Ra1+ 22. Kd2 Rxe1 23. Kxe1 g5 24. Ne2 gxh4 25. g3 g5 26. f4 gxf4 27. Nxf4 Ne4 28. Bxe4 dxe4 29. Rxh4 Rxh4 30. gxh4 Nf6 31. c3 Ng4 32. Ke2 Ke7 33. Kd2 Kd6 34. c4 Ke7 35. d5 cxd5 36. Nxd5+ Kd6 37. Ne3 Ne5 38. Nf5+ Kc7 39. cxb5 Nf3+ 40. Ke3 Nxh4 41. Nxh4 Kb6 42. Kd4 Kxb5 43. Kc3 e3 44. Nf3 f5 45. Ne1 1-0

[Event "Montevideo Trebejos 50 Anniv op"]
[Site "Montevideo"]
[Date "2022.09.22"]
[Round "6"]
[White "Lanzilotta, Filippo"]
[Black "Carbone, Diego"]
[Result "0-1"]
[WhiteElo "1425"]
[BlackElo "2314"]
[PlyCount "54"]
[EventDate "2022.09.17"]
[EventType "swiss"]
[EventRounds "9"]
[EventCountry "URU"]
[SourceTitle "EXT 2023"]
[Source "ChessBase"]
[SourceDate "2022.10.05"]
[SourceVersion "1"]
[SourceVersionDate "2022.10.05"]
[SourceQuality "1"]

1. e4 e5 2. f4 exf4 3. Nf3 Nf6 4. e5 Nh5 5. Bc4 d5 6. exd6 Bxd6 7. 0-0 0-0 8. Nc3 Nc6 9. d4 g6 10. Ne4 Be7 11. a3 Bf5 12. Re1 Qd7 13. b4 Rad8 14. Bb2 Bxe4 15. Rxe4 Bf6 16. Qd3 Ne7 17. Rae1 Nd5 18. Ne5 Qf5 19. Qb3 c6 20. b5 Bh4 21. R1e2 Nhf6 22. bxc6 bxc6 23. Nxc6 Nxe4 24. Nxd8 Rxd8 25. Bd3 Ne3 26. Qb7 f3 27. Rxe3 f2+ 0-1

[Event "Montevideo Duchamp Cup 5th"]
[Site "Montevideo"]
[Date "2022.02.19"]
[Round "9"]
[White "Silva Rosas, Natalia"]
[Black "Lanzilotta, Filippo"]
[Result "1/2-1/2"]
[WhiteElo "1777"]
[BlackElo "1299"]
[PlyCount "74"]
[EventDate "2022.02.12"]
[EventType "swiss"]
[EventRounds "9"]
[EventCountry "URU"]
[SourceTitle "CBM 206 Extra"]
[Source "ChessBase"]
[SourceDate "2022.03.31"]
[SourceVersion "1"]
[SourceVersionDate "2022.03.31"]
[SourceQuality "1"]

1. f4 Nf6 2. Nf3 d5 3. g3 c6 4. Bg2 Bf5 5. d3 Nbd7 6. Nh4 Bg6 7. Nd2 Ng4 8. Nb3 Qb6 9. d4 e5 10. h3 Ngf6 11. Nxg6 hxg6 12. dxe5 Nh5 13. Qd3 Nc5 14. Nxc5 Bxc5 15. Qf3 Be7 16. e3 Nxg3 17. Rg1 Bh4 18. Kd1 Ne4 19. Rf1 0-0-0 20. c3 Qb5 21. Kc2 f5 22. exf6 gxf6 23. f5 gxf5 24. Qxf5+ Kc7 25. Bxe4 Qe2+ 26. Bd2 dxe4 27. Rad1 Bg5 28. Rfe1 Rxd2+ 29. Rxd2 Qxe1 30. Qa5+ Kc8 31. Qf5+ Kc7 32. Qd7+ Kb6 33. Qd4+ Kc7 34. Qd6+ Kc8 35. Qd7+ Kb8 36. Qd6+ Kc8 37. Qd7+ Kb8 1/2-1/2

[Event "Pan American-ch Hybrid U12 31st"]
[Site "Tornelo INT"]
[Date "2021.09.04"]
[Round "9"]
[White "Lanzilotta, Filippo"]
[Black "Vasquez Florez, Yoshua Marcelo"]
[Result "0-1"]
[WhiteElo "1239"]
[BlackElo "1053"]
[PlyCount "80"]
[EventDate "2021.09.04"]
[EventType "swiss"]
[EventRounds "9"]
[EventCountry "NET"]
[SourceTitle "EXT 2023"]
[Source "ChessBase"]
[SourceDate "2022.10.05"]
[SourceVersion "1"]
[SourceVersionDate "2022.10.05"]
[SourceQuality "1"]

1. e4 c5 2. Nc3 d6 3. Bc4 Nf6 4. f4 e6 5. Qe2 Be7 6. d3 0-0 7. Nf3 d5 8. Bb3 d4 9. Nd1 Nc6 10. e5 Nd5 11. Nf2 b5 12. Ne4 Na5 13. Nfg5 Nxb3 14. axb3 h6 15. h4 Bb7 16. g4 Nb4 17. Kd1 Qd5 18. Bd2 f5 19. exf6 Bxf6 20. Nf3 Be7 21. g5 h5 22. g6 c4 23. Bxb4 Bxb4 24. Nfg5 cxd3 25. Qxh5 dxc2+ 26. Kc1 Rxf4 27. Qh7+ Kf8 28. Qh8+ Ke7 29. Qxg7+ Kd8 30. Nf7+ Kc8 31. Ne5 Rxe4 32. Qh8+ Kc7 33. Qg7+ Kb6 34. Nd7+ Kc6 35. Nf6 Qe5 36. Qd7+ Kb6 37. Nxe4 Qxe4 38. Rf1 Qe3+ 39. Kxc2 Be4+ 40. Kd1 Qd2# 0-1

[Event "Wch FIDE Online U12 America qual"]
[Site "Tornelo INT"]
[Date "2020.12.01"]
[Round "1"]
[White "Cabiativa, Juan Esteban"]
[Black "Lanzilotta, Filippo"]
[Result "1-0"]
[WhiteElo "1629"]
[BlackElo "1220"]
[PlyCount "85"]
[EventDate "2020.12.01"]
[EventType "swiss (rapid)"]
[EventRounds "7"]
[EventCountry "ISS"]
[SourceTitle "EXT 2022"]
[Source "ChessBase"]
[SourceDate "2021.10.06"]
[SourceVersion "1"]
[SourceVersionDate "2021.10.06"]
[SourceQuality "1"]

1. c4 c5 2. Nf3 Nc6 3. d4 cxd4 4. Nxd4 d6 5. Nc3 g6 6. e4 Bg7 7. Nc2 Nf6 8. Ne3 Be6 9. Be2 Rc8 10. 0-0 Ne5 11. b3 0-0 12. Bb2 Qd7 13. Rc1 Nfg4 14. Nxg4 Bxg4 15. f3 Be6 16. Kh1 f5 17. exf5 Bxf5 18. Nd5 e6 19. Ne3 Rcd8 20. f4 Nc6 21. Bxg7 Kxg7 22. Bf3 Nb4 23. Nxf5+ exf5 24. Qd2 a5 25. Rcd1 Rfe8 26. a3 Nc6 27. Qc3+ Kh6 28. Rfe1 Rxe1+ 29. Rxe1 Re8 30. Rf1 b6 31. Rd1 Nd8 32. g3 Ne6 33. Qd2 Rd8 34. b4 axb4 35. axb4 Qe7 36. Re1 Qf6 37. Bd5 Nd4 38. Qb2 Kg7 39. h4 Rc8 40. b5 Nc6 41. Qxf6+ Kxf6 42. bxc6 h6 43. Re6+ 1-0

[Event "Montevideo Contra el Bicho op"]
[Site "Montevideo"]
[Date "2020.09.04"]
[Round "3"]
[White "Lanzilotta, Filippo"]
[Black "Kulik, Nicolas"]
[Result "0-1"]
[WhiteElo "1179"]
[BlackElo "1586"]
[PlyCount "86"]
[EventDate "2020.08.28"]
[EventType "swiss"]
[EventRounds "6"]
[EventCountry "URU"]
[SourceTitle "EXT 2021"]
[Source "ChessBase"]
[SourceDate "2020.10.23"]
[SourceVersion "1"]
[SourceVersionDate "2020.10.23"]
[SourceQuality "1"]

1. e4 e5 2. Nf3 d6 3. Nc3 Nf6 4. Bc4 Be7 5. d3 c6 6. h3 Qc7 7. a3 Nbd7 8. Be3 Nb6 9. Ba2 Bd7 10. Qe2 d5 11. Bxb6 Qxb6 12. Bb3 d4 13. Na2 Qc7 14. c3 c5 15. cxd4 cxd4 16. Rc1 Qb6 17. Bc4 Rc8 18. 0-0 Bd6 19. Qd2 h6 20. Rfe1 0-0 21. b4 Rc6 22. Qd1 Rfc8 23. Qb3 Be8 24. a4 Nh5 25. g3 Qd8 26. b5 R6c7 27. Bd5 Qf6 28. Kg2 Bd7 29. g4 Nf4+ 30. Kg3 Rxc1 31. Rxc1 Ne2+ 32. Kg2 Nxc1 33. Nxc1 Rxc1 34. Nd2 Rc3 35. Qb1 Qf4 36. Nc4 Be7 37. Bxb7 Bh4 38. f3 Qg3+ 39. Kh1 Qxf3+ 40. Kg1 Bf2+ 41. Kf1 Bg3+ 42. Kg1 Qf2+ 43. Kh1 Qh2# 0-1

[Event "Montevideo Contra el Bicho op"]
[Site "Montevideo"]
[Date "2020.08.31"]
[Round "2"]
[White "Michailov, Matias"]
[Black "Lanzilotta, Filippo"]
[Result "1-0"]
[WhiteElo "2263"]
[BlackElo "1179"]
[PlyCount "47"]
[EventDate "2020.08.28"]
[EventType "swiss"]
[EventRounds "6"]
[EventCountry "URU"]
[SourceTitle "EXT 2021"]
[Source "ChessBase"]
[SourceDate "2020.10.23"]
[SourceVersion "1"]
[SourceVersionDate "2020.10.23"]
[SourceQuality "1"]

1. e4 e5 2. Nf3 Nf6 3. Nxe5 d6 4. Nf3 Nxe4 5. Nc3 Nxc3 6. dxc3 Nc6 7. Be3 Be7 8. Bd3 Be6 9. Qe2 Qd7 10. 0-0-0 0-0-0 11. Bb5 a6 12. Ne5 Qe8 13. Bxc6 Bd7 14. Bxd7+ Rxd7 15. Nxd7 Qxd7 16. Bd4 Bg5+ 17. Kb1 Re8 18. Qf3 Qe7 19. h4 Bh6 20. g4 f6 21. a3 c5 22. Be3 Bxe3 23. Rhe1 Qd7 24. Rxe3 1-0